Viral replication and cancer / (Record no. 101832)

MARC details
000 -LEADER
campo de control de longitud fija 00597nam a2200193 i 4500
001 - NÚMERO DE CONTROL
campo de control 101832
003 - IDENTIFICADOR DE NÚMERO DE CONTROL
campo de control ES-MaACL
005 - FECHA Y HORA DE LA ÚLTIMA TRANSACCIÓN
campo de control 20231228173418.0
007 - CAMPO FIJO DE DESCRIPCIÓN FÍSICA--INFORMACIÓN GENERAL
campo de control de longitud fija t|
008 - DATOS DE LONGITUD FIJA--INFORMACIÓN GENERAL
campo de control de longitud fija 051026s1973 sp ||||1| eng d
100 1# - ENTRADA PRINCIPAL--NOMBRE DE PERSONA
Nombre de persona Melnick, Joseph L.
9 (RLIN) 80008
245 10 - MENCIÓN DEL TÍTULO
Título Viral replication and cancer /
Mención de responsabilidad, etc. editors Joseph L. Melnick, Severo Ochoa, Juan Oró.
260 ## - PUBLICACIÓN, DISTRIBUCIÓN, ETC.
Lugar de publicación, distribución, etc. Barcelona :
Nombre del editor, distribuidor, etc. Labor,
Fecha de publicación, distribución, etc. 1973.
300 ## - DESCRIPCIÓN FÍSICA
Extensión XI, 289 p. :
Otras características físicas il. ;
Dimensiones 25 cm.
700 1# - ENTRADA AGREGADA--NOMBRE PERSONAL
Nombre de persona Ochoa, Severo,
Fechas asociadas al nombre 1905-1993
9 (RLIN) 86482
700 1# - ENTRADA AGREGADA--NOMBRE PERSONAL
Nombre de persona Oró, Juan.
9 (RLIN) 87311
852 ## - LOCALIZACIÓN
Ubicación ES-MaACL
Número de control de estantería C-54232
Sublocalización o colección R.87748
Holdings
Estatus retirado Estado de pérdida Estado de daño No para préstamo Biblioteca de origen Biblioteca actual Ubicación en estantería Fecha de adquisición Fuente de adquisición Total de préstamos Signatura topográfica completa Código de barras Visto por última vez Precio de reemplazo Tipo de ítem Koha
        Biblioteca del Ateneo de Madrid Biblioteca del Ateneo de Madrid Depósito 2 17/01/2008     C-54232 1106309 23/02/2023 23/02/2023 Libro impreso